000 00349nam a2200145Ia 4500
008 150201s2002 xx 000 0 und d
082 _a611
_bH2002H
100 _aHALIM. A
245 _aHUMAN ANATOMY : ABDOMEN & LOWER LIMB
250 _a1ST
260 _bMODERN PUBLISHERS
_aDELHI
_c2002
300 _a1-247
650 _aANATOMY
942 _2ddc
_cBK
999 _c2841
_d2841